[Event "Ufa Startsev Memorial"]
[Site "Ufa"]
[Date "2024.02.12"]
[Round "9"]
[White "Khismatullin, Denis Rimovich"]
[Black "Mukhutdinov, Tigran"]
[Result "1/2-1/2"]
[WhiteElo "2579"]
[BlackElo "2237"]
[PlyCount "91"]
[EventDate "2024.02.06"]
[EventType "swiss"]
[EventRounds "9"]
[EventCountry "RUS"]
[SourceTitle "CB07_2024"]
[SourceDate "2024.02.14"]
[SourceVersion "1"]
[SourceVersionDate "2024.02.14"]
[SourceQuality "1"]

1. d4 d5 2. Nf3 e6 3. g3 Nf6 4. Bg2 Be7 5. c4 0-0 6. 0-0 Nbd7 7. a4 a5 8. Nc3 c6 9. Bf4 dxc4 10. e4 Bb4 11. Qc2 h6 12. Rfd1 Bxc3 13. bxc3 b5 14. axb5 cxb5 15. d5 Bb7 16. Bd6 Re8 17. Nd4 exd5 18. exd5 Bxd5 19. Nc6 Bxc6 20. Bxc6 Ra7 21. Qf5 Qb6 22. Qxb5 Qxb5 23. Bxb5 Rc8 24. Bf4 Nc5 25. Be3 Raa8 26. Ra3 Ne6 27. Rd6 Ne4 28. Rc6 N6g5 29. Kg2 Rxc6 30. Bxc6 Rc8 31. Bb7 Rb8 32. Bd5 Rd8 33. Bc6 Rc8 34. Bd7 Rd8 35. Bf5 Rd5 36. Bg4 Nd6 37. h4 Nge4 38. Be2 Rb5 39. Kf3 Rb3 40. Rxa5 Nxc3 41. Bf1 Nd1 42. Rd5 Nxe3 43. fxe3 Rb6 44. Rc5 Rb1 45. Bxc4 Nxc4 46. Rxc4 1/2-1/2

[Event "RUS-chT Rapid"]
[Site "Sochi"]
[Date "2023.10.18"]
[Round "1.3"]
[White "Mukhutdinov, Tigran"]
[Black "Dubov, Daniil"]
[Result "1/2-1/2"]
[WhiteElo "2203"]
[BlackElo "2710"]
[PlyCount "107"]
[EventDate "2023.10.18"]
[EventType "team-swiss (rapid)"]
[EventRounds "9"]
[EventCountry "RUS"]
[SourceTitle "Mega2024 Update 01"]
[Source "Chessbase"]
[SourceDate "2023.11.12"]
[SourceVersion "1"]
[SourceVersionDate "2023.11.12"]
[SourceQuality "1"]
[WhiteTeam "Bashkortostan Tolpar"]
[BlackTeam "Moscow Park Tauer"]
[WhiteTeamCountry "RUS"]
[BlackTeamCountry "RUS"]

1. Nf3 g6 2. g3 b6 3. Bg2 Bb7 4. 0-0 Bg7 5. d4 Nf6 6. b3 0-0 7. Bb2 c5 8. c4 cxd4 9. Qxd4 d6 10. Rd1 Nbd7 11. Qf4 a6 12. Nc3 Rc8 13. Rac1 Rc5 14. Ne1 Qa8 15. Bxb7 Qxb7 16. Qf3 Qb8 17. Nd5 Nxd5 18. Bxg7 Kxg7 19. Rxd5 Nf6 20. Rdd1 Rfc8 21. Nd3 R5c7 22. Nb4 Qa7 23. Qe3 Qb7 24. a4 h5 25. Qd4 Rc5 26. Nd3 R5c7 27. Nb4 Kg8 28. Nd5 Nxd5 29. Qxd5 Qb8 30. Rc3 Rc5 31. Qe4 Qc7 32. Re3 Re5 33. Qd4 Rf5 34. Qe4 Re5 35. Qd4 Rxe3 36. Qxe3 Qb7 37. Rd5 Rc5 38. Rxc5 bxc5 39. h4 a5 40. Qc3 Qc7 41. Qf3 Qb6 42. Qe3 e6 43. Qd3 Kf8 44. e4 Ke7 45. Qe3 Qb4 46. Kg2 Qb7 47. Kg1 Kd7 48. e5 Kc6 49. exd6 Qd7 50. Qc3 Kb6 51. Qd3 Kc6 52. Qc3 Kb6 53. Qd3 Kc6 54. Qc3 1/2-1/2

[Event "RUS-chT Rapid"]
[Site "Sochi"]
[Date "2023.10.18"]
[Round "3.27"]
[White "Mukhutdinov, Tigran"]
[Black "Faizrakhmanov, Ramil"]
[Result "1/2-1/2"]
[WhiteElo "2203"]
[BlackElo "2460"]
[PlyCount "117"]
[EventDate "2023.10.18"]
[EventType "team-swiss (rapid)"]
[EventRounds "9"]
[EventCountry "RUS"]
[SourceTitle "Mega2024 Update 01"]
[Source "Chessbase"]
[SourceDate "2023.11.12"]
[SourceVersion "1"]
[SourceVersionDate "2023.11.12"]
[SourceQuality "1"]
[WhiteTeam "Bashkortostan Tolpar"]
[BlackTeam "Tatarstan Ladya"]
[WhiteTeamCountry "RUS"]
[BlackTeamCountry "RUS"]

1. Nf3 Nf6 2. g3 d5 3. Bg2 c6 4. c4 Bg4 5. Ne5 Be6 6. cxd5 Bxd5 7. Nf3 e5 8. Nc3 Bxf3 9. Bxf3 Nbd7 10. 0-0 Bc5 11. d3 0-0 12. a3 a5 13. Bd2 h6 14. Qc2 Qe7 15. Rab1 Rfe8 16. Bg2 Nb6 17. Na4 Nxa4 18. Qxa4 e4 19. dxe4 Nxe4 20. Bxe4 Qxe4 21. Qxe4 Rxe4 22. e3 a4 23. Bc3 Rc4 24. Rbc1 Rd8 25. Ba5 Rxc1 26. Rxc1 Rd5 27. Be1 f5 28. Kf1 Kf7 29. Ke2 Ke6 30. h4 g6 31. Rc4 b5 32. Rc2 Kd7 33. Bc3 Bd6 34. h5 gxh5 35. Bg7 Be5 36. Bxh6 c5 37. Bf8 Kc6 38. Be7 Bg7 39. Ke1 Re5 40. Bg5 Re4 41. Kd1 b4 42. axb4 Rxb4 43. Kc1 Rb7 44. Bd8 Kd5 45. Ba5 c4 46. Bc3 Bxc3 47. Rxc3 Rb4 48. Rc2 Ke4 49. Rd2 Kf3 50. Rd5 Kxf2 51. Rxf5+ Kxg3 52. Rxh5 Kf3 53. Rh3+ Ke4 54. Kc2 a3 55. bxa3 Rb3 56. Rh4+ Kxe3 57. Rxc4 Rxa3 58. Rc3+ Rxc3+ 59. Kxc3 1/2-1/2

[Event "Titled Tuesday intern op 07th Sept"]
[Site "Chess.com INT"]
[Date "2021.09.07"]
[Round "11"]
[White "Ekdyshman, Mikhail"]
[Black "Mukhutdinov, Tigran"]
[Result "0-1"]
[WhiteElo "2333"]
[BlackElo "2266"]
[PlyCount "92"]
[EventDate "2021.09.07"]
[EventType "swiss (blitz)"]
[EventRounds "11"]
[EventCountry "USA"]
[SourceTitle "EXT 2022"]
[Source "ChessBase"]
[SourceDate "2021.10.06"]
[SourceVersion "1"]
[SourceVersionDate "2021.10.06"]
[SourceQuality "1"]

1. d4 Nf6 2. g3 g6 3. Bg2 d5 4. Nf3 Bg7 5. 0-0 0-0 6. Nbd2 Nc6 7. c4 dxc4 8. Nxc4 Be6 9. Nce5 Bd5 10. Bg5 h6 11. Bf4 g5 12. Be3 Nxe5 13. dxe5 Ng4 14. Bd4 c6 15. Re1 Qc7 16. e6 Bxe6 17. Bxg7 Kxg7 18. Nd4 Bd7 19. e4 e5 20. Nc2 Nf6 21. Ne3 Be6 22. Qc1 Rad8 23. h4 Rd4 24. hxg5 hxg5 25. Nc2 Nh7 26. Nxd4 exd4 27. e5 Qe7 28. Be4 g4 29. Qf4 Ng5 30. Bg2 c5 31. b4 b6 32. bxc5 bxc5 33. Rab1 Rh8 34. Rb5 Nh3+ 35. Bxh3 gxh3 36. Kh2 d3 37. Qf6+ Qxf6 38. exf6+ Kxf6 39. Rxc5 Rb8 40. Rd1 Rb2 41. Kg1 d2 42. f3 Bxa2 43. Rc3 Rb1 44. Rxb1 Bxb1 45. Rc6+ Ke7 46. Rc7+ Kd8 0-1

[Event "Titled Tuesday intern op 07th Sept"]
[Site "Chess.com INT"]
[Date "2021.09.07"]
[Round "4"]
[White "Hasman, Cengiz"]
[Black "Mukhutdinov, Tigran"]
[Result "0-1"]
[WhiteElo "2101"]
[BlackElo "2266"]
[PlyCount "96"]
[EventDate "2021.09.07"]
[EventType "swiss (blitz)"]
[EventRounds "11"]
[EventCountry "USA"]
[SourceTitle "EXT 2022"]
[Source "ChessBase"]
[SourceDate "2021.10.06"]
[SourceVersion "1"]
[SourceVersionDate "2021.10.06"]
[SourceQuality "1"]

1. d4 Nf6 2. c4 g6 3. Nc3 d5 4. Nf3 Bg7 5. cxd5 Nxd5 6. Qb3 Nb6 7. Bg5 Be6 8. Qc2 0-0 9. Rd1 h6 10. Bh4 f5 11. e3 Nc6 12. Be2 Nb4 13. Qb1 g5 14. Bg3 f4 15. exf4 gxf4 16. Bh4 Bf5 17. Qc1 Qd6 18. 0-0 c6 19. a3 N4d5 20. Bd3 Bxd3 21. Rxd3 Qg6 22. Qd2 Nc4 23. Qc2 Nxb2 24. Qxb2 Qxd3 25. Nxd5 cxd5 26. Qxb7 e6 27. Qd7 Qf5 28. Re1 Rae8 29. Qxa7 Rf7 30. Qa4 Rb8 31. Qc6 Rb1 32. h3 Rxe1+ 33. Nxe1 Bxd4 34. Nf3 Bg7 35. a4 d4 36. Bd8 Qd5 37. Qc1 Qxd8 38. a5 Qxa5 39. Qc8+ Kh7 40. Qxe6 Qf5 41. Qe1 d3 42. Qd2 Re7 43. Nh4 Qe4 44. Kh2 Qe2 45. Qa5 d2 46. Qf5+ Kg8 47. Ng6 d1Q 48. f3 Qxg2+ 0-1

[Event "Titled Tuesday intern op 07th Sept"]
[Site "Chess.com INT"]
[Date "2021.09.07"]
[Round "5"]
[White "Mukhutdinov, Tigran"]
[Black "Moroni, Luca Jr"]
[Result "0-1"]
[WhiteElo "2266"]
[BlackElo "2566"]
[PlyCount "100"]
[EventDate "2021.09.07"]
[EventType "swiss (blitz)"]
[EventRounds "11"]
[EventCountry "USA"]
[SourceTitle "EXT 2022"]
[Source "ChessBase"]
[SourceDate "2021.10.06"]
[SourceVersion "1"]
[SourceVersionDate "2021.10.06"]
[SourceQuality "1"]

1. Nf3 g6 2. g3 Bg7 3. d4 d6 4. b3 Nc6 5. Bb2 e5 6. dxe5 Nxe5 7. Nxe5 Bxe5 8. Bxe5 dxe5 9. Qxd8+ Kxd8 10. Nd2 Be6 11. Bg2 c6 12. 0-0-0 Kc7 13. Ne4 Bd5 14. c4 Bxe4 15. Bxe4 Nf6 16. Bc2 Rad8 17. h3 h5 18. e3 a5 19. Kb2 h4 20. g4 Rhe8 21. Kc3 Rxd1 22. Rxd1 Nh7 23. f4 exf4 24. exf4 Nf6 25. Rd4 Re3+ 26. Rd3 Re2 27. Rd2 Re3+ 28. Rd3 Re2 29. Rd2 Re1 30. g5 Nh5 31. f5 Nf4 32. fxg6 fxg6 33. Rf2 Nxh3 34. Rf7+ Kb6 35. Bxg6 Nxg5 36. Rf5 Ne4+ 37. Kd4 Ng3 38. c5+ Ka7 39. Rf7 Rd1+ 40. Kc3 Rd5 41. Kc4 Rg5 42. Bd3 h3 43. Rh7 Rh5 44. Rxh5 Nxh5 45. a3 h2 46. Be4 Ng3 47. Bf3 h1Q 48. Bxh1 Nxh1 49. b4 axb4 50. axb4 Ka6 0-1

[Event "Titled Tuesday intern op 31st Aug"]
[Site "Chess.com INT"]
[Date "2021.08.31"]
[Round "9"]
[White "Mukhutdinov, Tigran"]
[Black "Goltsev, Dmitry"]
[Result "0-1"]
[WhiteElo "2266"]
[BlackElo "2285"]
[PlyCount "104"]
[EventDate "2021.08.31"]
[EventType "swiss (blitz)"]
[EventRounds "11"]
[EventCountry "USA"]
[SourceTitle "EXT 2022"]
[Source "ChessBase"]
[SourceDate "2021.10.06"]
[SourceVersion "1"]
[SourceVersionDate "2021.10.06"]
[SourceQuality "1"]

1. Nf3 d5 2. g3 c6 3. Bg2 Nf6 4. c4 g6 5. 0-0 Bg7 6. d4 0-0 7. Qb3 Qb6 8. Bd2 Ne4 9. cxd5 Qxb3 10. axb3 cxd5 11. Bb4 Nc6 12. Be1 Nxd4 13. Nxd4 Bxd4 14. Nc3 Nf6 15. Ra4 e5 16. e3 Bxc3 17. Bxc3 Re8 18. Rfa1 a6 19. f4 Bd7 20. Ra5 Ng4 21. Bxd5 Nxe3 22. Bxe5 Nxd5 23. Rxd5 Be6 24. Rd6 Rac8 25. b4 Rc4 26. Rad1 Bg4 27. Rd8 Rc8 28. Rxe8+ Rxe8 29. Rd6 Rc8 30. Bf6 h5 31. Kf2 Kh7 32. Ke3 Re8+ 33. Kd4 Re2 34. Kc5 Rxh2 35. Rd8 g5 36. Bxg5 Rxb2 37. Rf8 Kg6 38. Rg8+ Kf5 39. Rg7 Ke6 40. Rh7 Rb3 41. Rh6+ Kf5 42. Rf6+ Ke4 43. Rxf7 b5 44. Re7+ Kf3 45. Bh4 Rb1 46. Kb6 Rxb4 47. Kxa6 Rb1 48. Re5 b4 49. f5 b3 50. Rb5 Ke4 51. f6 Be2 52. f7 Rf1 0-1

[Event "Titled Tuesday intern op 31st Aug"]
[Site "Chess.com INT"]
[Date "2021.08.31"]
[Round "10"]
[White "Rustemov, Alexander"]
[Black "Mukhutdinov, Tigran"]
[Result "1-0"]
[WhiteElo "2525"]
[BlackElo "2266"]
[PlyCount "73"]
[EventDate "2021.08.31"]
[EventType "swiss (blitz)"]
[EventRounds "11"]
[EventCountry "USA"]
[SourceTitle "EXT 2022"]
[Source "ChessBase"]
[SourceDate "2021.10.06"]
[SourceVersion "1"]
[SourceVersionDate "2021.10.06"]
[SourceQuality "1"]

1. d4 Nf6 2. c4 g6 3. Nf3 Bg7 4. g3 0-0 5. Bg2 d5 6. cxd5 Nxd5 7. 0-0 Nc6 8. Nc3 e5 9. Bg5 Nxc3 10. bxc3 f6 11. Be3 Be6 12. dxe5 fxe5 13. Rb1 Qc8 14. Ng5 Bc4 15. Bd5+ Bxd5 16. Qxd5+ Kh8 17. Nf7+ Rxf7 18. Qxf7 e4 19. Rfd1 Ne5 20. Qd5 c6 21. Qxe4 Qh3 22. Qg2 Qf5 23. Rxb7 Re8 24. Bd4 c5 25. Bxe5 Qxe5 26. Rdd7 Qxe2 27. Qf1 Qxf1+ 28. Kxf1 Bxc3 29. Rxh7+ Kg8 30. Rxa7 Bd4 31. Rhd7 Rf8 32. f4 g5 33. Ke2 gxf4 34. gxf4 Re8+ 35. Kd3 Rf8 36. a4 Bg1 37. Rg7+ 1-0

[Event "Titled Tuesday intern op 11th May"]
[Site "Chess.com INT"]
[Date "2021.05.11"]
[Round "6"]
[White "Mukhutdinov, Tigran"]
[Black "Perez Leiva, Jerzy Jesus"]
[Result "1-0"]
[WhiteElo "2277"]
[BlackElo "2384"]
[PlyCount "83"]
[EventDate "2021.05.11"]
[EventType "swiss (blitz)"]
[EventRounds "11"]
[EventCountry "USA"]
[SourceTitle "CBM 202 Extra"]
[Source "ChessBase"]
[SourceDate "2021.07.31"]
[SourceVersion "1"]
[SourceVersionDate "2021.07.31"]
[SourceQuality "1"]

1. Nf3 Nf6 2. g3 b5 3. Na3 a6 4. c4 b4 5. Nc2 a5 6. Bg2 Bb7 7. b3 e6 8. 0-0 c5 9. Bb2 Be7 10. d4 0-0 11. dxc5 Na6 12. a3 Nxc5 13. axb4 Nxb3 14. Ra3 a4 15. c5 Qc7 16. Ncd4 Bd5 17. Nxb3 Bxb3 18. Rxb3 axb3 19. Qxb3 Rab8 20. Qc4 d5 21. Qd4 Qb7 22. Bc3 Rfc8 23. Nd2 Ne8 24. e4 Bf6 25. e5 Be7 26. Nb3 Nc7 27. Na5 Qa6 28. Bd2 Nb5 29. Qg4 f5 30. exf6 Bxf6 31. c6 Nd4 32. Re1 Re8 33. Bf1 Qb6 34. Bd3 Ra8 35. Qh5 g6 36. Bxg6 hxg6 37. Qxg6+ Bg7 38. Bh6 Nf5 39. Bxg7 Nxg7 40. Re5 Rxa5 41. bxa5 Qxc6 42. Rg5 1-0

[Event "Titled Tuesday intern op 09th Feb"]
[Site "Chess.com INT"]
[Date "2021.02.09"]
[Round "3"]
[White "Mukhutdinov, Tigran"]
[Black "Popadic, Dragan"]
[Result "1-0"]
[WhiteElo "2269"]
[BlackElo "2157"]
[PlyCount "91"]
[EventDate "2021.02.09"]
[EventType "swiss (blitz)"]
[EventRounds "11"]
[EventCountry "USA"]
[SourceTitle "EXT 2022"]
[Source "ChessBase"]
[SourceDate "2021.10.06"]
[SourceVersion "1"]
[SourceVersionDate "2021.10.06"]
[SourceQuality "1"]

1. Nf3 Nf6 2. g3 g6 3. b3 Bg7 4. Bb2 0-0 5. Bg2 d6 6. d4 c5 7. c4 Nc6 8. d5 Na5 9. 0-0 a6 10. Nc3 Bd7 11. e4 Nxe4 12. Qc2 Nxc3 13. Bxc3 Bxc3 14. Qxc3 b5 15. Rfe1 bxc4 16. bxc4 Rb8 17. Re4 Bf5 18. Rh4 f6 19. Re1 Re8 20. Qd2 Rf8 21. g4 Bd7 22. Qd3 Rf7 23. Rh6 Rg7 24. h3 Qb6 25. Nd2 Qc7 26. Be4 Be8 27. Qc3 Nb7 28. Rb1 Nd8 29. Rxb8 Qxb8 30. Qa5 Nf7 31. Rh4 Qb4 32. Qxb4 cxb4 33. Nb3 Ne5 34. c5 dxc5 35. Nxc5 a5 36. f4 Nc4 37. Ne6 Bf7 38. Nxg7 Kxg7 39. g5 f5 40. Bf3 Ne3 41. Kf2 Nxd5 42. Rh6 Nc3 43. h4 Nxa2 44. h5 b3 45. hxg6 hxg6 46. Rh1 1-0

[Event "Titled Tuesday intern op 09th Feb"]
[Site "Chess.com INT"]
[Date "2021.02.09"]
[Round "2"]
[White "Richter, Nils"]
[Black "Mukhutdinov, Tigran"]
[Result "0-1"]
[WhiteElo "2294"]
[BlackElo "2269"]
[PlyCount "98"]
[EventDate "2021.02.09"]
[EventType "swiss (blitz)"]
[EventRounds "11"]
[EventCountry "USA"]
[SourceTitle "EXT 2022"]
[Source "ChessBase"]
[SourceDate "2021.10.06"]
[SourceVersion "1"]
[SourceVersionDate "2021.10.06"]
[SourceQuality "1"]

1. e4 c5 2. f4 Nc6 3. Nf3 d6 4. Bb5 Bd7 5. d3 g6 6. 0-0 Bg7 7. Nc3 Nd4 8. Bxd7+ Qxd7 9. Nxd4 Bxd4+ 10. Kh1 f5 11. exf5 Qxf5 12. Qf3 0-0-0 13. Nb5 a6 14. Nxd4 cxd4 15. Bd2 Nf6 16. Rfe1 Rd7 17. c3 dxc3 18. Rac1 Kb8 19. Rxc3 Qd5 20. Qh3 Qf5 21. Qf3 Rc8 22. Rxc8+ Kxc8 23. Rc1+ Rc7 24. Re1 Kb8 25. Bc3 Nd5 26. Bd4 Rc2 27. Qe4 Qxe4 28. dxe4 Nxf4 29. e5 Nd3 30. Rd1 dxe5 31. Be3 e4 32. h4 Rxb2 33. a4 Ra2 34. Rf1 Rxa4 35. Rf8+ Kc7 36. Rf7 Kd7 37. Rxh7 Ra1+ 38. Kh2 Kd6 39. Rg7 Ne5 40. Bd4 Rd1 41. Bxe5+ Kxe5 42. Rxg6 e3 43. Rg3 Ke4 44. Rxe3+ Kxe3 45. h5 Kf4 46. h6 Kg5 47. h7 Rd8 48. g4 Rh8 49. Kg3 Rxh7 0-1

[Event "Titled Tuesday intern op 17th Nov"]
[Site "Chess.com INT"]
[Date "2020.11.17"]
[Round "6"]
[White "Mukhutdinov, Tigran"]
[Black "Savchenko, Boris"]
[Result "0-1"]
[WhiteElo "2286"]
[BlackElo "2551"]
[PlyCount "86"]
[EventDate "2020.11.17"]
[EventType "swiss (blitz)"]
[EventRounds "11"]
[EventCountry "USA"]
[SourceTitle "CBM 199 Extra"]
[Source "ChessBase"]
[SourceDate "2021.01.31"]
[SourceVersion "1"]
[SourceVersionDate "2021.01.31"]
[SourceQuality "1"]

1. Nf3 d5 2. g3 Nf6 3. Bg2 Bf5 4. c4 e6 5. 0-0 Nc6 6. d4 a6 7. cxd5 exd5 8. Nc3 h6 9. Ne5 Bd6 10. Bf4 Ne7 11. Nd3 0-0 12. Bxd6 Qxd6 13. e3 b6 14. Rc1 Rfc8 15. a3 Bxd3 16. Qxd3 c6 17. Rfd1 g6 18. h4 h5 19. Bh3 Rc7 20. Na4 Rb7 21. Qb3 Kg7 22. Qb4 Qxb4 23. axb4 Ne8 24. Bg2 Nd6 25. b3 Kf6 26. Ra1 Ke6 27. Rdc1 Kd7 28. Kf1 Ng8 29. Bh3+ f5 30. Ke2 Nf6 31. Nc3 Nfe4 32. Nxe4 Nxe4 33. Bg2 Nd6 34. Kd3 Rba7 35. Rc3 Nb5 36. Rc2 a5 37. bxa5 Rxa5 38. Rxa5 Rxa5 39. f3 Ra1 40. e4 Rb1 41. exd5 cxd5 42. f4 Rxb3+ 43. Kd2 Kd6 0-1

[Event "Titled Tuesday intern op 17th Nov"]
[Site "Chess.com INT"]
[Date "2020.11.17"]
[Round "11"]
[White "Shagbazyan, Taron"]
[Black "Mukhutdinov, Tigran"]
[Result "0-1"]
[WhiteElo "2404"]
[BlackElo "2286"]
[PlyCount "106"]
[EventDate "2020.11.17"]
[EventType "swiss (blitz)"]
[EventRounds "11"]
[EventCountry "USA"]
[SourceTitle "CBM 199 Extra"]
[Source "ChessBase"]
[SourceDate "2021.01.31"]
[SourceVersion "1"]
[SourceVersionDate "2021.01.31"]
[SourceQuality "1"]

1. d4 Nf6 2. c4 g6 3. g3 c6 4. Bg2 d5 5. Nd2 Bg7 6. Ngf3 0-0 7. 0-0 Bf5 8. b3 a5 9. a4 Ne4 10. Bb2 Nxd2 11. Nxd2 Na6 12. Rc1 Nb4 13. h3 h5 14. Nf3 Be4 15. c5 Re8 16. Re1 Qd7 17. Bf1 Bf5 18. Kh2 Bh6 19. e3 Bg7 20. Nh4 Be6 21. f4 Bf6 22. Nf3 Bf5 23. Ne5 Bxe5 24. dxe5 Be4 25. Bd4 e6 26. g4 hxg4 27. Qxg4 Kg7 28. Rcd1 Rh8 29. Rd2 Qe7 30. Bg2 Rh4 31. Qg3 Rah8 32. Rg1 Bf5 33. Bf1 R4h5 34. Qf3 Be4 35. Qf2 Na6 36. Rg3 Nxc5 37. Be2 Nxb3 38. Bxh5 Nxd2 39. Bg4 Nb3 40. f5 exf5 41. Bxf5 Bxf5 42. Qxf5 Nxd4 43. exd4 Qe6 44. Qg5 b5 45. Rf3 b4 46. h4 Rh5 47. Qg3 Rf5 48. Rd3 Rf1 49. Kg2 Qf5 50. Rd2 Rf4 51. Kh2 Rg4 52. Qe3 Rxh4+ 53. Kg1 Rg4+ 0-1

[Event "Titled Tuesday intern op 17th Nov"]
[Site "Chess.com INT"]
[Date "2020.11.17"]
[Round "4"]
[White "Xiong, Jeffery"]
[Black "Mukhutdinov, Tigran"]
[Result "1/2-1/2"]
[WhiteElo "2709"]
[BlackElo "2286"]
[PlyCount "138"]
[EventDate "2020.11.17"]
[EventType "swiss (blitz)"]
[EventRounds "11"]
[EventCountry "USA"]
[SourceTitle "CBM 199 Extra"]
[Source "ChessBase"]
[SourceDate "2021.01.31"]
[SourceVersion "1"]
[SourceVersionDate "2021.01.31"]
[SourceQuality "1"]

1. d4 Nf6 2. Nf3 g6 3. Nc3 d5 4. Bf4 Bg7 5. Nb5 Na6 6. e3 0-0 7. h3 c6 8. Nc3 Nc7 9. Bd3 b6 10. Ne5 Bb7 11. h4 h5 12. Ne2 Ne6 13. c3 Nd7 14. Nxd7 Qxd7 15. Ng3 Nxf4 16. exf4 e6 17. Qd2 c5 18. Ne2 a5 19. a4 Ba6 20. Bxa6 Rxa6 21. 0-0 c4 22. Rfb1 Bf6 23. g3 Rb8 24. b4 axb4 25. Rxb4 Rba8 26. Qb2 Rxa4 27. Raxa4 Rxa4 28. Rxb6 Qa7 29. Rb7 Ra1+ 30. Kg2 Qa2 31. Qb5 Qa4 32. Rb8+ Kg7 33. Qxa4 Rxa4 34. Kf3 Ra2 35. Ke3 Ra1 36. Kd2 Ra2+ 37. Kd1 Be7 38. Rb1 Bf6 39. Rc1 Be7 40. Rc2 Rxc2 41. Kxc2 Ba3 42. Ng1 Kf6 43. Nf3 Kf5 44. Ne5 f6 45. Nd7 Be7 46. Kd2 g5 47. fxg5 fxg5 48. hxg5 Bxg5+ 49. Ke2 h4 50. Ne5 hxg3 51. fxg3 Ke4 52. Nf3 Bc1 53. g4 Kf4 54. Ne5 Kg5 55. Kd1 Bf4 56. Nc6 Kxg4 57. Ke2 Kf5 58. Ne7+ Ke4 59. Nc6 e5 60. dxe5 Bxe5 61. Kd2 Bf6 62. Kc2 d4 63. cxd4 Bxd4 64. Nxd4 Kxd4 65. Kd2 c3+ 66. Kc2 Kc4 67. Kc1 Kd3 68. Kd1 c2+ 69. Kc1 Kc3 1/2-1/2

[Event "Titled Tuesday intern op 20th Oct"]
[Site "Chess.com INT"]
[Date "2020.10.20"]
[Round "6"]
[White "Loy, Konstantin"]
[Black "Mukhutdinov, Tigran"]
[Result "0-1"]
[WhiteElo "2268"]
[BlackElo "2286"]
[PlyCount "104"]
[EventDate "2020.10.20"]
[EventType "swiss (blitz)"]
[EventRounds "11"]
[EventCountry "USA"]
[SourceTitle "EXT 2022"]
[Source "ChessBase"]
[SourceDate "2021.10.06"]
[SourceVersion "1"]
[SourceVersionDate "2021.10.06"]
[SourceQuality "1"]

1. e4 c5 2. Nf3 Nc6 3. Nc3 e5 4. Bc4 Be7 5. 0-0 d6 6. d3 Nf6 7. Ng5 0-0 8. f4 h6 9. Nf3 Bg4 10. h3 Bxf3 11. Qxf3 Nd4 12. Qf2 a6 13. a4 Rb8 14. fxe5 dxe5 15. Be3 Kh8 16. Bxd4 cxd4 17. Nd5 b5 18. axb5 axb5 19. Bb3 Nd7 20. Ra7 Bc5 21. Raa1 f6 22. Qf5 Nb6 23. Nxb6 Bxb6 24. Rf3 Qc8 25. Qg6 Qe8 26. Qg4 g6 27. Raf1 Kg7 28. Rg3 h5 29. Qxh5 Rh8 30. Qg4 Rc8 31. Rgf3 Rc6 32. Kh2 Rd6 33. Rg3 Rh6 34. Ra1 Qd7 35. Qxd7+ Rxd7 36. Ra6 Rb7 37. Rf3 Rh8 38. Rf1 Rc8 39. Rfa1 Rcc7 40. g3 f5 41. exf5 gxf5 42. Kg2 e4 43. dxe4 fxe4 44. Re1 e3 45. Re2 Rb8 46. Ra1 Rf8 47. Rf1 Rxf1 48. Kxf1 Ra7 49. Kg2 Ra1 50. h4 Rb1 51. g4 Rxb2 52. g5 d3 0-1

[Event "Speed Chess Super Swiss"]
[Site "Chess.com INT"]
[Date "2020.10.03"]
[Round "3"]
[White "Mukhutdinov, Tigran"]
[Black "Savchenko, Boris"]
[Result "0-1"]
[WhiteElo "2286"]
[BlackElo "2551"]
[PlyCount "82"]
[EventDate "2020.10.03"]
[EventType "swiss (blitz)"]
[EventRounds "15"]
[EventCountry "USA"]
[SourceTitle "CBM 198 Extra"]
[Source "ChessBase"]
[SourceDate "2020.11.30"]
[SourceVersion "1"]
[SourceVersionDate "2020.11.30"]
[SourceQuality "1"]

1. Nf3 d6 2. d4 b6 3. g3 Bb7 4. Bg2 h6 5. b3 Nf6 6. Bb2 g5 7. 0-0 Bg7 8. c4 e6 9. Nc3 Nbd7 10. e3 Ne4 11. Qc2 Nxc3 12. Bxc3 0-0 13. Nd2 Bxg2 14. Kxg2 d5 15. cxd5 exd5 16. Rac1 Rc8 17. Qf5 c6 18. Bb4 Re8 19. Rh1 a5 20. Ba3 Re6 21. h4 Rg6 22. hxg5 Rxg5 23. Qf3 Nf6 24. Qe2 Qd7 25. Nf3 Rf5 26. Ne5 Qe6 27. Rc2 c5 28. Rhc1 Re8 29. f4 cxd4 30. exd4 Rh5 31. g4 Nxg4 32. Qxg4 Rxe5 33. Qxe6 R5xe6 34. f5 Re2+ 35. Rxe2 Rxe2+ 36. Kf3 Rxa2 37. Be7 Bxd4 38. f6 Rf2+ 39. Kg3 Rf5 40. Rc8+ Kh7 41. Rf8 Bxf6 0-1

[Event "Titled Tuesday intern op 7th July"]
[Site "Chess.com INT"]
[Date "2020.07.07"]
[Round "4"]
[White "Arvind, C Jayaraman"]
[Black "Mukhutdinov, Tigran"]
[Result "0-1"]
[WhiteElo "2124"]
[BlackElo "2286"]
[PlyCount "124"]
[EventDate "2020.07.07"]
[EventType "swiss (blitz)"]
[EventRounds "10"]
[EventCountry "USA"]
[SourceTitle "CBM 197 Extra"]
[Source "ChessBase"]
[SourceDate "2020.09.30"]
[SourceVersion "1"]
[SourceVersionDate "2020.09.30"]
[SourceQuality "1"]

1. c4 e5 2. g3 Nf6 3. Nf3 Nc6 4. Bg2 h6 5. 0-0 Bc5 6. Nc3 d6 7. Na4 Bb6 8. Nxb6 axb6 9. d4 0-0 10. dxe5 Nxe5 11. Nxe5 dxe5 12. b3 c6 13. Qxd8 Rxd8 14. Bb2 Re8 15. Rfd1 Bg4 16. Kf1 Nd7 17. Rd6 f6 18. a3 Nc5 19. b4 Na4 20. Bc1 Rad8 21. Rxd8 Rxd8 22. Be3 Nc3 23. Bxb6 Rd2 24. Bf3 Be6 25. Be3 Rc2 26. c5 e4 27. Bg2 Bc4 28. Rc1 Rxc1+ 29. Bxc1 Nxe2 30. Be3 f5 31. Ke1 Nc3 32. Bd4 Na4 33. g4 g6 34. h4 fxg4 35. Bxe4 Kf7 36. Kd2 h5 37. Ke3 Be6 38. Kf4 Bd5 39. Bxd5+ cxd5 40. Ke5 g5 41. hxg5 h4 42. Kf4 h3 43. Kg3 Kg6 44. Be5 Kxg5 45. Bd4 Kf5 46. Bh8 Ke4 47. Bg7 d4 48. Bf6 d3 49. Bg5 Nc3 50. Bh6 Nd5 51. b5 Nc3 52. c6 bxc6 53. bxc6 Nb5 54. Bd2 Kd5 55. f3 gxf3 56. Kxh3 Kxc6 57. Kg3 Nd4 58. Kf2 Kb5 59. Be3 Kc4 60. Ke1 Nc2+ 61. Kd2 Nxe3 62. Kxe3 Kc3 0-1

[Event "Titled Tuesday intern op 7th July"]
[Site "Chess.com INT"]
[Date "2020.07.07"]
[Round "9"]
[White "Mukhutdinov, Tigran"]
[Black "Svane, Frederik"]
[Result "1-0"]
[WhiteElo "2286"]
[BlackElo "2421"]
[PlyCount "61"]
[EventDate "2020.07.07"]
[EventType "swiss (blitz)"]
[EventRounds "10"]
[EventCountry "USA"]
[SourceTitle "CBM 197 Extra"]
[Source "ChessBase"]
[SourceDate "2020.09.30"]
[SourceVersion "1"]
[SourceVersionDate "2020.09.30"]
[SourceQuality "1"]

1. Nf3 Nf6 2. g3 g6 3. b3 Bg7 4. Bb2 b6 5. Bg2 Bb7 6. 0-0 c5 7. c4 Nc6 8. d4 Nxd4 9. Nxd4 Bxg2 10. Kxg2 cxd4 11. Qxd4 0-0 12. Nc3 Qc7 13. e4 Qb7 14. Nd5 d6 15. Rfe1 Rac8 16. Rad1 Rfe8 17. a4 Qc6 18. f3 Qb7 19. h4 h5 20. Qd2 Nxd5 21. Bxg7 Kxg7 22. exd5 a6 23. Qd4+ f6 24. g4 hxg4 25. Qxg4 b5 26. h5 g5 27. f4 bxc4 28. fxg5 fxg5 29. Re6 Rg8 30. Rg6+ Kf7 31. Qxg5 1-0